Imágenes deformadas de Jesús

Saved in:
Bibliographic Details
Main Author: Sesboüé, Bernard (Author)
Format: Book
Language:Spanish
Published: Bilbao Mensajero 1999
Series:Biblioteca de Teología
Subjects:
Tags: Add Tag
No Tags, Be the first to tag this record!

MARC

LEADER 00000nam a2200000 a 4500
001 UCL3580
003 CL-VaPUC
008 031128e19990000SP |||||||||||||||||spa|d
020 |a 8427122098 
082 0 4 |a 231.8  |b SES  |2 21 
100 0 |a Sesboüé, Bernard  |e author  |9 480925 
245 1 0 |a Imágenes deformadas de Jesús 
300 |a 237 p 
942 |c BK 
945 |d 20031128 00:00:00  |a cmena 
260 |a Bilbao  |b Mensajero  |c 1999 
600 0 |a Jesús  |9 313614 
650 0 |a Cristología   |9 315091 
650 0 |a Naturaleza humana   |9 308593 
650 0 |a Creencia Religiosa  |9 316904 
583 |a last modification  |c 20031128 00:00:00  |k Rodrigo Vera 
490 0 |a Biblioteca de Teología 
999 |c 306600  |d 306598 
952 |0 0  |1 2  |4 0  |6 231_800000000000000_SES_1999  |7 0  |8 A  |9 371745  |a BIBTEO  |b BIBTEO  |d 2019-11-21  |i 3967867  |o 231.8 SES 1999  |p 3967867  |r 2019-11-21  |w 2019-11-21  |y BK  |k ICR